| 000 | 00000nam 2200000za 4500 |
| 001 | 9.844201 |
| 003 | CaOODSP |
| 005 | 20221107152707 |
| 007 | cr ||||||||||| |
| 008 | 180130s2004 onc o f000 0 eng |
| 020 | |a978-0-660-09863-0 |
| 040 | |aCaOODSP|beng |
| 043 | |an-cn--- |
| 086 | 1 |aBT39-17/2004E-PDF |
| 110 | 1 |aCanada. |bTreasury Board. |
| 245 | 10|aOperational security standard - Business Continuity Planning (BCP) Program |h[electronic resource]. |
| 260 | |aOttawa : |bTreasury Board of Canada, Secretariat, |cc2004. |
| 300 | |a[5] p. (un-numbered pages) |
| 500 | |aIssued also in French under title: Norme de sécurité opérationnelle - Programme de planification de la continuité des activités (PCA). |
| 500 | |a"Published: Mar 23, 2004." |
| 500 | |aAlso available in HTML format. |
| 520 | 0 |a"The continued delivery of government services must be assured through baseline security requirements, business continuity planning, including information management and information technology continuity planning, and continuous risk management. The Policy on Government Security and its associated standards describe these baseline security requirements"--Provided by publisher. |
| 692 | 07|2gccst|aGovernment policy |
| 692 | 07|2gccst|aSecurity |
| 775 | 08|tNorme de sécurité opérationnelle - Programme de planification de la continuité des activités (PCA) |w(CaOODSP)9.844205 |
| 856 | 40|qPDF|s143 KB|uhttps://publications.gc.ca/collections/collection_2018/sct-tbs/BT39-17-2004-eng.pdf |
| 856 | 4 |qHTML|sN/A|uhttps://www.tbs-sct.gc.ca/pol/doc-eng.aspx?id=12324 |